000 00577nam a2200193Ia 4500
003 GCL
008 140319s9999 xx 000 0 ara d
040 _aGCL /
_cGCL
082 0 4 _a214.7
_bم م
100 1 _aمحمد عبدالواحد حجازى
245 1 0 _aموقف الاسلام من الفنون /
_cمحمد عبدالواحد حجازى
300 _a115 ص
490 _aمكتبة الاسرة
_v0
650 0 4 _aالاسلام
650 0 4 _aالثقافة الاسلامية
650 0 4 _aالفن
650 0 4 _aالحلال والحرام
942 _2ddc
_cBK
999 _c50730
_d50730